| 000 | 01120nam a2200265 a 4500 | ||
|---|---|---|---|
| 001 | BRL_1575 | ||
| 005 | 20190320211254.0 | ||
| 008 | 180314s1995----be-ao#####---#000-0#fre-# | ||
| 041 | _afre | ||
| 044 | _abe | ||
| 050 | 4 |
_aGT4848 _b.P53 1995 |
|
| 245 | 1 | 0 |
_aPlanète des masques _boeuvres majeures de la Communauté francaise de Belgique et du Musée international du Carnaval et du Masque- Binche _csous la direction de Marie-France Willaimez et de Michel Revelard ; préface de Claude Lévi-Strauss. |
| 260 |
_aBelgique _bDirection Générale de la Culture et de la Communication, Communauté francaise de Belgique _c1995 |
||
| 300 |
_a197 p. _bil., fotogrfías (a color) _c30 cm. |
||
| 500 | _aAu1784 | ||
| 504 | _aBibliografía: p. 158-160 | ||
| 610 | 2 | 4 |
_aMusée International du Carnaval et du Masque _vExposiciones _927331 |
| 650 | 1 | 4 |
_aMáscaras _vExposiciones _927332 |
| 700 | 1 |
_aWillaumez, Marie-France _927333 |
|
| 700 | 1 |
_aRevelard, Michel _927334 |
|
| 700 | 1 |
_aLévi-Strauss, Claude _epról. _927335 |
|
| 710 | 2 |
_aMusée International du Carnaval et du Masque _927336 |
|
| 902 | _aGRL | ||
| 942 |
_2lcc _cB |
||
| 999 |
_c10384 _d10384 |
||